000 00826nam a22002777a 4500
003 CHAP
005 20220329134131.0
008 971013s r 00010 d
010 _a15920
011 _a16892
035 _a20974
040 _cCHAP
090 _aR-664
100 0 0 _aBianchi, Angelo.
_912174
245 _aEredita e miglioramiento genetico del riso
500 _aSobretiro de : Il Riso. Junio, 1965. pp. 164-186
590 _aBATCH-UPD
_b10
_c20130110
_lUCH01
_h0156
590 _aBATCH-UPD
_b10
_c20130110
_lUCH01
_h2121
590 _aBATCH-UPD
_b10
_c20130410
_lUCH01
_h1431
590 _aBATCH-UPD
_b10
_c20130914
_lUCH01
_h0408
590 _aCONVERSION
_b10
_c20130109
_lUCH01
_h1310
650 1 4 _aArroz
_xGenética.
_97613
901 _aBK
942 _cREIMP
949 _aR-664
_bBC
_cR
_d-48984
_eTS1
_i20974
_si
999 _c15920
_d15920